| 000 | 00529nam a22001817a 4500 | ||
|---|---|---|---|
| 999 |
_c524757 _d524757 |
||
| 003 | NUST | ||
| 020 | _a9789693706741 | ||
| 038 | _aZafar Malik | ||
| 082 |
_a891.421 _bQAD |
||
| 100 |
_aQadeer, Asif Riyaz _915550 |
||
| 245 |
_aNaadir-o-Naayaab Ashaar / _cDr. Asif Riyaz Qadeer |
||
| 260 |
_aIslamabad : _bNational Book Foundation ; _c2014. |
||
| 300 | _a196 p. ; | ||
| 500 | _aHardcover | ||
| 880 |
_6100-02\r _aڈاکٹر آصف ریاض قدیر |
||
| 880 |
_6245-02\r _aنادر و نایاب اشعار |
||
| 942 |
_2ddc _cBK |
||